[Event "Hillerod Vinhuset Stoltz op"]
[Site "Hillerod"]
[Date "2019.10.08"]
[Round "5"]
[White "Jahic, Afan"]
[Black "Jorgensen, Orla Eilegaard"]
[Result "1-0"]
[WhiteElo "1330"]
[BlackElo "1664"]
[PlyCount "39"]
[EventDate "2019.09.24"]
[EventType "swiss"]
[EventRounds "7"]
[EventCountry "DEN"]
[SourceTitle "EXT 2021"]
[Source "ChessBase"]
[SourceDate "2020.10.23"]
[SourceVersion "1"]
[SourceVersionDate "2020.10.23"]
[SourceQuality "1"]

1. e4 c5 2. Nf3 a6 3. d4 cxd4 4. Nxd4 Nf6 5. Nc3 Nc6 6. f3 d6 7. Be3 g6 8. Qd2 Bg7 9. 0-0-0 b5 10. Nxc6 Qc7 11. Nd4 b4 12. Nd5 Nxd5 13. exd5 Qa5 14. Kb1 Qxd5 15. Nb3 Qe5 16. Bd4 Qf5 17. Bxg7 Rg8 18. Bd4 Be6 19. Bd3 Qd5 20. Be4 1-0

[Event "Hillerod Vinhuset Stoltz op"]
[Site "Hillerod"]
[Date "2019.10.01"]
[Round "4"]
[White "Nielsen, Benny1"]
[Black "Jahic, Afan"]
[Result "0-1"]
[WhiteElo "1230"]
[BlackElo "1330"]
[PlyCount "104"]
[EventDate "2019.09.24"]
[EventType "swiss"]
[EventRounds "7"]
[EventCountry "DEN"]
[SourceTitle "EXT 2021"]
[Source "ChessBase"]
[SourceDate "2020.10.23"]
[SourceVersion "1"]
[SourceVersionDate "2020.10.23"]
[SourceQuality "1"]

1. d4 Nf6 2. g3 e6 3. Nc3 c5 4. e3 cxd4 5. exd4 Bb4 6. Bg2 0-0 7. a3 Bxc3+ 8. bxc3 d5 9. Nf3 Qc7 10. Bb2 b6 11. Ne5 Ba6 12. Qd2 Nbd7 13. f4 Rfd8 14. 0-0-0 Nxe5 15. fxe5 Ne4 16. Bxe4 dxe4 17. Rhf1 Bxf1 18. Rxf1 a5 19. a4 Qc4 20. Qf2 Ra7 21. Kd2 Qxa4 22. Ra1 Qb5 23. Ba3 Qa4 24. Qe1 f5 25. Be7 Qd7 26. Bxd8 Qxd8 27. Rb1 Qg5+ 28. Qe3 Qxe3+ 29. Kxe3 Rb7 30. c4 Kf7 31. Rb5 Rc7 32. c5 bxc5 33. dxc5 a4 34. c6 Rxc6 35. Rb7+ Kg6 36. Rb2 Rc3+ 37. Kd2 Ra3 38. c4 Rd3+ 39. Ke2 Rc3 40. Rb4 a3 41. Ra4 a2 42. Rxa2 Rxc4 43. Rd2 Rc5 44. Ke3 Kg5 45. h3 h5 46. Rd7 g6 47. Kd4 Ra5 48. Re7 Ra4+ 49. Kc3 e3 50. Rb7 e2 51. Rb1 Ra2 52. Re1 Rd2 0-1

[Event "Hillerod CC 1617 B"]
[Site "Hillerod"]
[Date "2017.04.04"]
[Round "9"]
[White "Malchau, Helge"]
[Black "Jahic, Afan"]
[Result "1/2-1/2"]
[WhiteElo "1723"]
[BlackElo "1375"]
[PlyCount "47"]
[EventDate "2016.12.13"]
[EventType "tourn"]
[EventRounds "9"]
[EventCountry "DEN"]
[SourceTitle "EXT 2023"]
[Source "ChessBase"]
[SourceDate "2022.10.05"]
[SourceVersion "1"]
[SourceVersionDate "2022.10.05"]
[SourceQuality "1"]

1. d4 Nf6 2. c4 c5 3. e3 cxd4 4. exd4 d6 5. Nf3 g6 6. Be2 Bg7 7. 0-0 0-0 8. Nc3 Bf5 9. Bd3 Bxd3 10. Qxd3 Nbd7 11. Re1 Re8 12. b3 Rc8 13. Bb2 Qb6 14. Na4 Qc7 15. Re2 e5 16. dxe5 dxe5 17. Nd2 Nc5 18. Nxc5 Qxc5 19. Ne4 Nxe4 20. Qxe4 Rc7 21. Rd1 a6 22. Rd5 Qc6 23. Bxe5 Rce7 24. Qd4 1/2-1/2

[Event "Hillerod CC 1617 B"]
[Site "Hillerod"]
[Date "2017.01.10"]
[Round "3"]
[White "Jahic, Afan"]
[Black "Sorensen, Bernhard"]
[Result "0-1"]
[WhiteElo "1375"]
[BlackElo "1679"]
[PlyCount "86"]
[EventDate "2016.12.13"]
[EventType "tourn"]
[EventRounds "9"]
[EventCountry "DEN"]
[SourceTitle "EXT 2023"]
[Source "ChessBase"]
[SourceDate "2022.10.05"]
[SourceVersion "1"]
[SourceVersionDate "2022.10.05"]
[SourceQuality "1"]

1. e4 e6 2. d4 d5 3. Nc3 dxe4 4. Nxe4 Bd7 5. Nf3 Bc6 6. Ng3 Nd7 7. Be3 Ngf6 8. Bd3 Be7 9. 0-0 Nd5 10. Re1 Nb4 11. Bc4 Bxf3 12. gxf3 h5 13. c3 h4 14. Ne4 Nd5 15. h3 c6 16. Qd2 Qc7 17. Bxd5 cxd5 18. Bf4 e5 19. dxe5 dxe4 20. e6 Ne5 21. exf7+ Kxf7 22. Qd5+ Kf6 23. Qxe4 Bd6 24. Qd5 Kf5 25. Qe4+ Kf6 26. Re3 Rae8 27. Rd1 Nxf3+ 28. Qxf3 Bxf4 29. Rd4 g5 30. Rxe8 Rxe8 31. Qh5 Re1+ 32. Kg2 Qc6+ 33. f3 Kg7 34. Qg4 Re2+ 35. Kf1 Qb5 36. Rxf4 Rxb2+ 37. Kg1 Rb1+ 38. Kf2 Qb2+ 39. Ke3 Qxc3+ 40. Ke4 Re1+ 41. Kd5 Re5+ 42. Kd6 Qc5+ 43. Kd7 Re7+ 0-1

[Event "Hillerod Spar Nord op"]
[Site "Hillerod"]
[Date "2016.09.19"]
[Round "1"]
[White "Jahic, Afan"]
[Black "Linderod, Lars Erik"]
[Result "0-1"]
[WhiteElo "1341"]
[BlackElo "1907"]
[PlyCount "68"]
[EventDate "2016.09.13"]
[EventType "swiss"]
[EventRounds "7"]
[EventCountry "DEN"]
[SourceTitle "EXT 2024"]
[Source "ChessBase"]
[SourceDate "2023.10.10"]
[SourceVersion "1"]
[SourceVersionDate "2023.10.10"]
[SourceQuality "1"]

1. e4 d5 2. exd5 Qxd5 3. Nc3 Qd6 4. d4 Nf6 5. h3 a6 6. a4 Bf5 7. Bc4 Nc6 8. Nf3 e6 9. 0-0 0-0-0 10. Re1 Nxd4 11. Bd3 Nxf3+ 12. Qxf3 Bxd3 13. Bf4 Qb4 14. cxd3 Bd6 15. Bc1 Rd7 16. Re2 Rhd8 17. Bg5 Be7 18. Rd1 h6 19. Bf4 Nd5 20. Nxd5 Rxd5 21. Rc2 e5 22. Bg3 Bf6 23. Qf5+ Kb8 24. Rdc1 R8d7 25. Qe4 Qxe4 26. dxe4 Rd1+ 27. Rxd1 Rxd1+ 28. Kh2 Rd4 29. f3 Rxa4 30. Rd2 Kc8 31. Bf2 Rc4 32. g4 Bg5 33. Rd5 Rc2 34. Kg3 Bf4+ 0-1

[Event "Hillerod op"]
[Site "Hillerod"]
[Date "2014.??.??"]
[Round "4"]
[White "Jahic, Afan"]
[Black "Sorensen, Viggo"]
[Result "0-1"]
[WhiteElo "1000"]
[BlackElo "1630"]
[PlyCount "76"]
[EventDate "2014.08.26"]
[EventType "swiss"]
[EventRounds "7"]
[EventCountry "DEN"]
[SourceTitle "EXT 2024"]
[Source "ChessBase"]
[SourceDate "2023.10.10"]
[SourceVersion "1"]
[SourceVersionDate "2023.10.10"]
[SourceQuality "1"]

1. e4 c5 2. Nf3 d6 3. d4 cxd4 4. Nxd4 Nf6 5. Nc3 a6 6. Bc4 e6 7. 0-0 b5 8. Bd3 Be7 9. b4 Bb7 10. Re1 0-0 11. a3 Nbd7 12. Bg5 Rc8 13. Bxf6 Bxf6 14. Nce2 Qb6 15. Rc1 Bxd4 16. Nxd4 Qxd4 17. c3 Rxc3 18. Rxc3 Qxc3 19. f4 Qxa3 20. Qd2 Rc8 21. f5 Rc3 22. Be2 Qxb4 23. Rc1 Qc5+ 24. Kf1 Rxc1+ 25. Bd1 Bxe4 26. fxe6 fxe6 27. Ke2 Qc4+ 28. Ke1 d5 29. Qa5 Bc2 30. Qd8+ Nf8 31. Qa5 Rxd1+ 32. Kf2 Qf4+ 33. Ke2 Qf1+ 34. Ke3 Qd3+ 35. Kf4 Qe4+ 36. Kg5 Qf5+ 37. Kh4 Ng6+ 38. Kg3 Rd3# 0-1